00498nam a2200169Ia 450000500170000000800410001702000150005808200170007310000130009024500460010326000330014930000130018265000130019594200060020895200990021499900150031320240624053856.0240331s9999 xx 000 0 und d a8177200372 bKNOa894.811 aKnott, K 0aIndu matham :bmika churukkamana arimugam aputhanathambadaiyalamc2005 a208 p ., areligion cL 001040708LaWERCLbWERCLcSSCd2024-03-31l0o 894.811 KNOp5517r2024-03-31w2024-03-31yL c4031d4031